|
|
|
|
| LEADER |
00887nam a2200241 a 4500 |
| 001 |
GR-Patra18109 |
| 003 |
GR-PaULI |
| 008 |
041025c2003 it mr pe | | 0 ita d |
| 022 |
|
|
|a 0393-4411
|
| 040 |
|
|
|a GrPaTEI
|b gre
|c GR-PaULI
|
| 245 |
1 |
0 |
|a Riabita :
|b per il recupero, il ripristino e la ristrutturazione.
|
| 260 |
|
|
|a Milano :
|b Rima Editrice,
|c 2003-
|
| 650 |
|
4 |
|a Αρχιτεκτονική
|
| 650 |
|
4 |
|a ΠΕΡΙΟΔΙΚΑ
|
| 710 |
0 |
|
|a Rima Editrice
|
| 907 |
|
|
|a .b26080588
|b 15-04-20
|c 16-09-16
|
| 942 |
|
|
|2 ddc
|c JNL
|s 1
|
| 952 |
|
|
|0 0
|1 0
|4 0
|7 0
|9 324901
|a LISK
|b LISK
|c SER
|d 2021-04-28
|e GrPaTEI
|l 0
|r 2021-04-28 00:00:00
|w 2021-04-28
|y JNL
|
| 952 |
|
|
|0 0
|1 0
|4 0
|7 0
|9 324902
|a LISK
|b LISK
|c SER
|d 2021-04-28
|e GrPaTEI
|l 0
|r 2021-04-28 00:00:00
|w 2021-04-28
|y JNL
|
| 970 |
|
|
|c patra18109
|
| 970 |
|
|
|d aafa (old UniMARC 110 field)
|
| 998 |
|
|
|a 24
|b 15-01-16
|c s
|d s
|e -
|f ita
|g it
|h 0
|
| 999 |
|
|
|c 182515
|d 182515
|